000 00864nam a22002417a 4500
005 20180914142202.0
008 180914b xxu||||| |||| 00| 0 eng d
010 _aB-705537
020 _a9789386515100
_c345.00
035 _aB-705537
037 _bRK Books
040 _adpl
082 _a342.54
100 _aBakshi, P.M.
245 _aThe constitution of India /
_cby P.M. Bakshi
250 _a15th ed.
260 _aDelhi
_bUniversal Law Publishing
_c2018
270 _a14th Floor, Building no. 10, Tower-B, DLF Cyber City, Phase-II
_cGurgaon (Haryana)
_e122002
300 _aclxiv, 555p.
_c24cm(pbk)
500 _aincludes index
942 _adpl
_cEN
_2ddc
_h342.54
_mBAK
999 _c157494
_d157494